000 00792 a2200253 4500
999 _c3129
_d3129
003 dpl
005 20181129150258.0
008 090604t xxu||||| |||| 00| 0 eng d
010 _aENG-85466
020 _c250.00
_a8190401408
035 _aEN-68999, B-227069, B-227071
037 _bD.B.Act / Pub
040 _cdpl
082 _a250
100 _aBhattacharya, Vidhushekhara
245 _aThe Basic conception of Buddhism
_cby Vidhushekhara Bhattacharya
250 _anew ed.
260 _aDelhi
_bUniversal Voice
_c2007
270 _a3421-A, IInd Floor, Narang Colony, Tri Nagar
_bDelhi
_cDelhi
_e110035
_k27393083, 30967505
300 _ax, 103 p.
_c22 cm. (Hb)
500 _aIncludes bibliographical references and index
650 _aBuddhism.
942 _adpl
_cEN
_k250 / BHA
_2ddc